Crecimiento y transformación: los resultados de la procesos de desarrollo de base apoyados por la Fundación Interamericana en Costa Rica /
Guardat en:
| Autor corporatiu: | , |
|---|---|
| Format: | Text |
| Publicat: |
San José:
Fundación Interamericana Jiménez y Padilla S.A.
|
| Etiquetes: |
Afegir etiqueta
Sense etiquetes, Sigues el primer a etiquetar aquest registre!
|
MARC
| LEADER | 00000 a a2200000 04500 | ||
|---|---|---|---|
| 001 | 23557 | ||
| 003 | |||
| 040 | |||
| 090 | |a 162300 | ||
| 110 | |a Fundación Interamericana | ||
| 245 | |a Crecimiento y transformación: los resultados de la procesos de desarrollo de base apoyados por la Fundación Interamericana en Costa Rica / |c Fundación Interamericana | ||
| 260 | |a San José: |b Fundación Interamericana Jiménez y Padilla S.A. | ||
| 300 | |a 250 p |b **no definido** |b il. |b fonodiscos | ||
| 710 | |a Jiménez y Padilla S.A | ||
| 999 | |c 2892 |d 2892 | ||
